| 000 | 00682nam a2200193Ii 4500 | ||
|---|---|---|---|
| 003 | JO-AjNU | ||
| 008 | 230605s9999||||xx |||||||||||||| ||und|| | ||
| 040 |
_aJO-AjNU _bara _erda _cJO-AjNU |
||
| 041 | _aara | ||
| 050 | 1 | 4 | _aSF84.3.J39 |
| 100 | 3 |
_aالجبار ، فاروق محمد حلمي / م مشارك ابراهيم علي جعبوب, _eauthor _934761 |
|
| 245 | 0 | 0 | _aالحيوان الزراعي الاقتصادي |
| 264 | 3 | 1 | _aالاسكندرية:دار المطبوعات الجديدة ، 1900 |
| 300 | _a288ص | ||
| 336 |
_atext _btxt _2rdacontent |
||
| 337 |
_aunmediated _bn _2rdamedia |
||
| 338 |
_avolume _bnc _2rdacarrier |
||
| 650 | 4 |
_aالزراعة _934762 |
|
| 999 |
_aA14285 _c17853 _d17853 |
||